Historia de los mártires de la libertad / (Record no. 102867)

MARC details
000 -LEADER
campo de control de longitud fija 00561nam a22001695i 4500
001 - NÚMERO DE CONTROL
campo de control 102867
003 - IDENTIFICADOR DE NÚMERO DE CONTROL
campo de control ES-MaACL
007 - CAMPO FIJO DE DESCRIPCIÓN FÍSICA--INFORMACIÓN GENERAL
campo de control de longitud fija t|
008 - DATOS DE LONGITUD FIJA--INFORMACIÓN GENERAL
campo de control de longitud fija 940202s1869 sp ||||1| spa d
040 ## - FUENTE DE CATALOGACIÓN
Centro catalogador/agencia de origen AS
Lengua de catalogación spa
100 1# - ENTRADA PRINCIPAL--NOMBRE DE PERSONA
Nombre de persona Esquiros, Alphonse.
9 (RLIN) 47973
245 10 - MENCIÓN DEL TÍTULO
Título Historia de los mártires de la libertad /
Mención de responsabilidad, etc. de Alfonso Esquirós ; corregida y compendiada por Ricardo Molina.
260 ## - PUBLICACIÓN, DISTRIBUCIÓN, ETC.
Lugar de publicación, distribución, etc. Madrid... [etc.] :
Nombre del editor, distribuidor, etc. Eduardo Perié,
Fecha de publicación, distribución, etc. 1869 (
Lugar de fabricación/manufactura Madrid :
Fabricante Tip. del Hospicio)
300 ## - DESCRIPCIÓN FÍSICA
Extensión 228 p. ;
Dimensiones 19 cm.
700 1# - ENTRADA AGREGADA--NOMBRE PERSONAL
Nombre de persona Molina, Ricardo.
9 (RLIN) 81901
852 ## - LOCALIZACIÓN
Ubicación ES-MaACL
Número de control de estantería G-7398
Holdings
Estatus retirado Estado de pérdida Estado de daño No para préstamo Colección Biblioteca de origen Biblioteca actual Ubicación en estantería Fecha de adquisición Fuente de adquisición Total de préstamos Signatura topográfica completa Código de barras Visto por última vez Precio de reemplazo Tipo de ítem Koha
        Libros del s. XIX Biblioteca del Ateneo de Madrid Biblioteca del Ateneo de Madrid Depósito 2 17/01/2008     G-7398 1107391 23/02/2023 23/02/2023 Libro impreso antiguo